Statistics for Republics of the Soviet Union

Click here to take the quiz!

General Stats

  • This quiz has been taken 62 times
  • The average score is 15 of 19

Answer Stats

HintAnswer% Correct
1940-
1991
Estonian Soviet
Socialist Republic
96%
1940-
1991
Latvian Soviet
Socialist Republic
96%
1940-
1990
Lithuanian Soviet
Socialist Republic
96%
1922-
1991
Russian Soviet
Federative Socialist
Republic
96%
1929-
1991
Tajik Soviet
Socialist Republic
96%
1922-
1991
Ukrainian Soviet
Socialist Republic
96%
1922-
1991
Byelorussian Soviet
Socialist Republic
94%
1936-
1991
Kazakh Soviet
Socialist Republic
94%
1936-
1991
Kirghiz Soviet
Socialist Republic
94%
1924-
1991
Uzbek Soviet
Socialist Republic
94%
1936-
1991
Georgian Soviet
Socialist Republic
92%
1936-
1991
Armenian Soviet
Socialist Republic
90%
1936-
1991
Azerbaijan Soviet
Socialist Republic
90%
1940-
199-
Moldavian Soviet
Socialist Republic
90%
1924-
1991
Turkmen Soviet
Socialist Republic
90%
1940-
1956
Karelo-Finnish
Soviet Socialist
Republic
65%
1922-
1936
Transcaucasian
Socialist Federative
Soviet Republic
25%
1922-
1924
Bukharan People’s
Soviet Republic
15%
1922-
1924
Khorezm People’s
Soviet Republic
13%

Score Distribution

Percentile by Number Answered

Percent of People with Each Score

Your Score History

You have not taken this quiz